[Event "Edmonton int."]
[Site "Edmonton CAN"]
[Date "2018.06.20"]
[Round "2"]
[White "Arruebarrena, Rafael"]
[Black "Sambuev, Bator"]
[Result "0-1"]
[WhiteElo "2267"]
[BlackElo "2524"]
[PlyCount "98"]
[EventDate "2018.06.19"]
[EventType "tourn"]
[EventRounds "9"]
[EventCountry "CAN"]

1. e4 d6 2. d4 Nf6 3. Nc3 e5 4. Nf3 Nbd7 5. Bc4 Be7 6. O-O O-O 7. Re1 c6 8. a4
a5 9. h3 h6 10. Ba2 Re8 11. Qe2 exd4 12. Nxd4 Bf8 13. Bf4 Ne5 14. Rad1 Bd7 15.
Bg3 Qb6 16. Bb3 Rad8 17. Kh1 Bc8 18. f4 Ng6 19. Qf3 Qc5 20. Bf2 Qh5 21. Qxh5
Nxh5 22. f5 Ne5 23. g4 Nf6 24. Kg2 Be7 25. Nf3 Nfd7 26. Nxe5 dxe5 27. Ne2 Nc5
28. Bxc5 Bxc5 29. Kf3 Kf8 30. c3 Ke7 31. Ng3 g6 32. Rxd8 Rxd8 33. Rd1 Rxd1 34.
Bxd1 b5 35. Bb3 Ba6 36. Ne2 b4 37. h4 bxc3 38. Nxc3 g5 39. hxg5 hxg5 40. Bd1
Bd3 41. Be2 Bc2 42. Bd1 Bxd1+ 43. Nxd1 Kd6 44. Ke2 Bd4 45. Kd3 Kc5 46. b3 Kb4
47. Kc2 f6 48. Nb2 Bxb2 49. Kxb2 c5 0-1

[Event "Edmonton int."]
[Site "Edmonton CAN"]
[Date "2018.06.20"]
[Round "2"]
[White "Ouellet, Maili-Jade"]
[Black "Haessel, Dale"]
[Result "0-1"]
[WhiteElo "2249"]
[BlackElo "2173"]
[PlyCount "110"]
[EventDate "2018.06.19"]
[EventType "tourn"]
[EventRounds "9"]
[EventCountry "CAN"]

1. d4 Nf6 2. c4 g6 3. Nc3 d5 4. cxd5 Nxd5 5. Bd2 Bg7 6. e4 Nb6 7. Be3 O-O 8. h3
Nc6 9. Nf3 e5 10. dxe5 Nxe5 11. Nxe5 Bxe5 12. Be2 Be6 13. O-O Nc4 14. Bxc4 Bxc4
15. Re1 Re8 16. Qg4 Qe7 17. Rac1 c6 18. b3 Be6 19. Qf3 Qa3 20. Qe2 Rad8 21.
Red1 Rxd1+ 22. Nxd1 Rd8 23. Rc2 Qa5 24. f4 Bf6 25. Nf2 Qc7 26. g4 Bd4 27. Bxd4
Rxd4 28. Qe3 Qd8 29. Kh2 f6 30. Rc3 a5 31. Rd3 Rxd3 32. Nxd3 b6 33. Nf2 a4 34.
Qc3 axb3 35. axb3 c5 36. Nd3 Bf7 37. Kg3 Qa8 38. e5 Qd5 39. b4 c4 40. Nf2 fxe5
41. fxe5 Be8 42. Qe3 Bc6 43. g5 c3 44. Ng4 Qf3+ 45. Qxf3 Bxf3 46. Ne3 Bd1 47.
Kf4 c2 48. Nxc2 Bxc2 49. Ke3 Kf7 50. Kd4 Ke6 51. Kc4 Ba4 52. Kd4 Bb3 53. Ke4
Bd5+ 54. Kd4 Bc6 55. h4 Kf5 0-1

[Event "Edmonton int."]
[Site "Edmonton CAN"]
[Date "2018.06.20"]
[Round "2"]
[White "Rozman, Levy"]
[Black "Findlay, Ian"]
[Result "0-1"]
[WhiteElo "2400"]
[BlackElo "2224"]
[PlyCount "100"]
[EventDate "2018.06.19"]
[EventType "tourn"]
[EventRounds "9"]
[EventCountry "CAN"]

1. d4 Nf6 2. Nf3 e6 3. Bf4 d5 4. e3 Bd6 5. Bg3 O-O 6. Nbd2 c5 7. c3 Nc6 8. Bd3
b6 9. Qe2 Bb7 10. Rd1 Re8 11. e4 Be7 12. e5 Nh5 13. a3 g6 14. Qe3 Rc8 15. Bf4
cxd4 16. cxd4 Na5 17. Bh6 Nc4 18. Bxc4 dxc4 19. g4 Ng7 20. h4 f5 21. h5 g5 22.
Rg1 f4 23. Qc3 b5 24. Bxg5 Bxg5 25. h6 Bxh6 26. g5 Nf5 27. gxh6+ Kh8 28. Ng5
Qe7 29. Nde4 Bxe4 30. Nxe4 Rg8 31. Ke2 f3+ 32. Kd2 Qh4 33. Qxf3 Qxh6+ 34. Kc3
a5 35. Rh1 b4+ 36. Kc2 Qg6 37. d5 exd5 38. Rxd5 Rgf8 39. Qe2 Qc6 40. Qh5 Rc7
41. Rhd1 c3 42. b3 a4 43. Nc5 axb3+ 44. Nxb3 bxa3 45. Qh1 Qc4 46. Qe1 a2 47. e6
a1=N+ 48. Rxa1 Qxd5 49. Rd1 Qg2 50. Qe5+ Qg7 0-1

[Event "Edmonton int."]
[Site "Edmonton CAN"]
[Date "2018.06.20"]
[Round "2"]
[White "Sevillano, Enrico"]
[Black "Mikhalevski, Victor"]
[Result "0-1"]
[WhiteElo "2461"]
[BlackElo "2581"]
[PlyCount "46"]
[EventDate "2018.06.19"]
[EventType "tourn"]
[EventRounds "9"]
[EventCountry "CAN"]

1. d4 Nf6 2. Bf4 d5 3. e3 Bg4 4. f3 Bd7 5. Bd3 c5 6. c3 Nc6 7. g4 Qb6 8. Qb3 c4
9. Qxb6 axb6 10. Bc2 b5 11. Na3 Nd8 12. Bd1 b4 13. cxb4 e5 14. Bxe5 Bxb4+ 15.
Kf2 Bxa3 16. bxa3 Ke7 17. Ne2 Rxa3 18. Bc2 Nc6 19. Rhb1 b5 20. Bxf6+ gxf6 21.
Rxb5 h5 22. g5 fxg5 23. Rxd5 Nb4 0-1

[Event "Edmonton int."]
[Site "Edmonton CAN"]
[Date "2018.06.20"]
[Round "3"]
[White "Findlay, Ian"]
[Black "Sevillano, Enrico"]
[Result "1/2-1/2"]
[WhiteElo "2224"]
[BlackElo "2461"]
[PlyCount "88"]
[EventDate "2018.06.19"]
[EventType "tourn"]
[EventRounds "9"]
[EventCountry "CAN"]

1. e4 c5 2. Nf3 Nc6 3. d4 cxd4 4. Nxd4 Nf6 5. Nc3 e5 6. Ndb5 d6 7. Bg5 a6 8.
Na3 b5 9. Bxf6 gxf6 10. Nd5 Bg7 11. c3 Ne7 12. Nc2 O-O 13. Nce3 Nxd5 14. Qxd5
Be6 15. Qd3 Bh6 16. Be2 Kh8 17. O-O Bxe3 18. Qxe3 Rg8 19. Rfd1 Qc7 20. Rd2 Rad8
21. a4 d5 22. axb5 axb5 23. Rad1 dxe4 24. Qxe4 Rxd2 25. Rxd2 Qc5 26. Qh4 Rg6
27. Qb4 Qxb4 28. cxb4 Rg8 29. Bxb5 Rb8 30. Be2 Rxb4 31. f3 f5 32. Kf2 Kg7 33.
g3 Kf6 34. Ke3 Rb3+ 35. Kf2 e4 36. Rc2 Ke5 37. fxe4 fxe4 38. Rc5+ Kd4 39. Rb5
e3+ 40. Ke1 h6 41. Rxb3 Bxb3 42. Bd1 Be6 43. Be2 Bb3 44. Bd1 Be6 1/2-1/2

[Event "Edmonton int."]
[Site "Edmonton CAN"]
[Date "2018.06.20"]
[Round "3"]
[White "Haessel, Dale"]
[Black "Kleinman, Michael"]
[Result "0-1"]
[WhiteElo "2173"]
[BlackElo "2394"]
[PlyCount "106"]
[EventDate "2018.06.19"]
[EventType "tourn"]
[EventRounds "9"]
[EventCountry "CAN"]

1. d4 Nf6 2. c4 e6 3. Nc3 Bb4 4. e3 O-O 5. Bd3 d5 6. cxd5 exd5 7. Bd2 Re8 8.
Rc1 c6 9. Nge2 Bd6 10. f3 c5 11. Nb5 b6 12. dxc5 bxc5 13. b4 c4 14. Nxd6 Qxd6
15. Bb1 d4 16. exd4 Ba6 17. Bc3 Nc6 18. O-O Nxb4 19. Bxb4 Qxb4 20. Nc3 Rad8 21.
Qd2 Re7 22. Rfd1 Red7 23. Qf2 Qb6 24. Ne2 g6 25. Rd2 Qb4 26. Nc3 Qa3 27. Ne2
Nd5 28. Be4 Nf4 29. Rdc2 Nxe2+ 30. Qxe2 Rxd4 31. g4 Qc5 32. Kh1 Qg5 33. Qf2 Qf4
34. Re1 Kg7 35. Kg2 Rd2 36. Rxd2 Rxd2 37. Re2 c3 38. Rxd2 Qxd2 39. Kg3 Bc4 40.
a3 g5 41. Qc5 Qe1+ 42. Qf2 Qd2 43. Qc5 Qe1+ 44. Qf2 Qxf2+ 45. Kxf2 Bd5 46. Bc2
h6 47. Ke3 Kf6 48. f4 Bc6 49. Bb3 Bg2 50. Bd1 Bf1 51. Bc2 Ke6 52. Bb3+ Ke7 53.
Bd1 gxf4+ 0-1

[Event "Edmonton int."]
[Site "Edmonton CAN"]
[Date "2018.06.20"]
[Round "3"]
[White "Mikhalevski, Victor"]
[Black "Arruebarrena, Rafael"]
[Result "1-0"]
[WhiteElo "2581"]
[BlackElo "2267"]
[PlyCount "73"]
[EventDate "2018.06.19"]
[EventType "tourn"]
[EventRounds "9"]
[EventCountry "CAN"]

1. Nf3 d5 2. g3 Nf6 3. Bg2 e6 4. O-O Be7 5. c4 O-O 6. b3 c5 7. Bb2 Nc6 8. e3 b6
9. Nc3 Bb7 10. cxd5 Nxd5 11. Nxd5 exd5 12. d4 Bf6 13. Qd2 Qe7 14. Rac1 Rac8 15.
Bh3 Rcd8 16. Ba3 Nb4 17. Bxb4 cxb4 18. Rc2 Bc8 19. Bxc8 Rxc8 20. Rfc1 Rxc2 21.
Qxc2 g6 22. Qc7 Re8 23. Qxe7 Rxe7 24. Ne1 a5 25. Nd3 Re6 26. Rc8+ Kg7 27. Nf4
Rd6 28. Kf1 Bg5 29. Nd3 Bd8 30. Ne5 Bf6 31. Nc6 h5 32. Ke2 h4 33. Kd3 hxg3 34.
hxg3 Kh6 35. Rc7 Kg5 36. Ne5 Bxe5 37. dxe5 1-0

[Event "Edmonton int."]
[Site "Edmonton CAN"]
[Date "2018.06.20"]
[Round "3"]
[White "Sambuev, Bator"]
[Black "Ouellet, Maili-Jade"]
[Result "1-0"]
[WhiteElo "2524"]
[BlackElo "2249"]
[PlyCount "61"]
[EventDate "2018.06.19"]
[EventType "tourn"]
[EventRounds "9"]
[EventCountry "CAN"]

1. d4 d5 2. Nf3 Nf6 3. e3 e6 4. Bd3 c5 5. b3 Nc6 6. O-O Bd6 7. Bb2 O-O 8. a3 b6
9. Nbd2 Bb7 10. Qe2 Rc8 11. Ne5 Qc7 12. f4 cxd4 13. exd4 Ne7 14. c4 Qb8 15.
Ndf3 Qa8 16. Rae1 Ne4 17. Bxe4 dxe4 18. Ng5 f6 19. Nxe6 fxe5 20. fxe5 Bxe5 21.
dxe5 Ng6 22. Nxf8 Rxf8 23. Qg4 Qe8 24. e6 Qe7 25. Rxf8+ Nxf8 26. Qxg7+ Qxg7 27.
Bxg7 Kxg7 28. e7 Kf7 29. exf8=Q+ Kxf8 30. Kf2 Ke7 31. Ke3 1-0

[Event "Edmonton int."]
[Site "Edmonton CAN"]
[Date "2018.06.21"]
[Round "4"]
[White "Arruebarrena, Rafael"]
[Black "Findlay, Ian"]
[Result "1-0"]
[WhiteElo "2267"]
[BlackElo "2224"]
[PlyCount "75"]
[EventDate "2018.06.19"]
[EventType "tourn"]
[EventRounds "9"]
[EventCountry "CAN"]

1. e4 c5 2. Nf3 d6 3. d4 cxd4 4. Nxd4 Nf6 5. Nc3 g6 6. Be3 Bg7 7. f3 Nc6 8. Qd2
O-O 9. O-O-O d5 10. Qe1 e5 11. Nxc6 bxc6 12. exd5 Nxd5 13. Bc4 Be6 14. Kb1 a5
15. h4 a4 16. h5 Qa5 17. Nxd5 cxd5 18. Qxa5 Rxa5 19. Bb6 Raa8 20. Bxd5 Rab8 21.
Ba7 Rbc8 22. Bxe6 fxe6 23. hxg6 hxg6 24. Rhe1 Rf7 25. Bf2 Rb7 26. Re4 Rcb8 27.
b3 axb3 28. cxb3 Rb5 29. Bg3 Rd5 30. Rde1 Rbb5 31. R1e2 Kf7 32. Be1 Rd1+ 33.
Kc2 Rbd5 34. Bc3 Rg1 35. a4 g5 36. a5 Ke7 37. a6 Rd7 38. Bxe5 1-0

[Event "Edmonton int."]
[Site "Edmonton CAN"]
[Date "2018.06.21"]
[Round "4"]
[White "Ouellet, Maili-Jade"]
[Black "Kleinman, Michael"]
[Result "1/2-1/2"]
[WhiteElo "2249"]
[BlackElo "2394"]
[PlyCount "163"]
[EventDate "2018.06.19"]
[EventType "tourn"]
[EventRounds "9"]
[EventCountry "CAN"]

1. d4 Nf6 2. c4 g6 3. Nc3 d5 4. cxd5 Nxd5 5. e4 Nxc3 6. bxc3 Bg7 7. Nf3 c5 8.
Rb1 O-O 9. Be2 b6 10. O-O Bb7 11. Qd3 Ba6 12. Qe3 Qd7 13. dxc5 Bxe2 14. Qxe2
bxc5 15. Qc4 Qc6 16. e5 Nd7 17. Re1 Nb6 18. Qh4 Qa4 19. Qxe7 Rfe8 20. Qxc5 Qxa2
21. Rb2 Qc4 22. Qxc4 Nxc4 23. Rbe2 Rac8 24. Bf4 Re7 25. Ra2 h6 26. h4 Nb6 27.
Rea1 Nd5 28. Bd2 Rcc7 29. c4 Nb6 30. Bb4 Red7 31. Bd6 Rxc4 32. Rxa7 Rxd6 33.
exd6 Bxa1 34. Rxa1 Rc6 35. Rd1 Nd7 36. Kf1 Kg7 37. g4 Rb6 38. Rd5 Kf8 39. g5
hxg5 40. hxg5 Ke8 41. Nd2 Rb4 42. f3 Nb6 43. Re5+ Kd7 44. Re7+ Kxd6 45. Rxf7
Nd5 46. Ne4+ Ke5 47. Kf2 Ke6 48. Ra7 Ne7 49. Kg3 Rb6 50. Kg4 Nf5 51. Nc5+ Kd5
52. Nd3 Kd4 53. Nf4 Ne3+ 54. Kh3 Ke5 55. Rf7 Nf5 56. Nd3+ Kd4 57. Nf4 Ke5 58.
Ne2 Rb2 59. Ng3 Rb3 60. Nxf5 Rxf3+ 61. Kg4 Rf4+ 62. Kg3 Rxf5 63. Re7+ Kd6 64.
Ra7 Rxg5+ 65. Kf4 Rf5+ 66. Kg4 Ke6 67. Ra6+ Kf7 68. Ra7+ Kf6 69. Ra6+ Kg7 70.
Ra7+ Kh6 71. Ra6 Rg5+ 72. Kh4 Rb5 73. Ra4 Rb3 74. Kg4 Rb1 75. Kh4 g5+ 76. Kg4
Rg1+ 77. Kh3 Kh5 78. Ra8 g4+ 79. Kh2 Rb1 80. Rh8+ Kg5 81. Rg8+ Kf4 82. Rf8+
1/2-1/2

[Event "Edmonton int."]
[Site "Edmonton CAN"]
[Date "2018.06.21"]
[Round "4"]
[White "Rozman, Levy"]
[Black "Haessel, Dale"]
[Result "1-0"]
[WhiteElo "2400"]
[BlackElo "2173"]
[PlyCount "99"]
[EventDate "2018.06.19"]
[EventType "tourn"]
[EventRounds "9"]
[EventCountry "CAN"]

1. d4 Nf6 2. c4 g6 3. Nc3 d5 4. Nf3 Bg7 5. h4 c6 6. cxd5 cxd5 7. Bf4 Nc6 8. e3
O-O 9. Rc1 Bg4 10. Qb3 Bxf3 11. gxf3 Nh5 12. Qxb7 Na5 13. Qc7 Nxf4 14. Qxf4 Rb8
15. Rc2 Nc6 16. Qg5 h6 17. Qxd5 Nb4 18. Qxd8 Nxc2+ 19. Kd2 Rfxd8 20. Kxc2 e5
21. d5 h5 22. Bc4 Bf6 23. b3 Be7 24. Kd3 Kg7 25. Ne2 f5 26. Nc3 Kf6 27. a4 a5
28. Nb5 Rd7 29. f4 exf4 30. exf4 Bc5 31. Nd4 Rb6 32. Re1 Re7 33. Re3 Bb4 34.
Ne6 Rd6 35. Ke2 Rdd7 36. Kf3 Rd6 37. Re2 Bc3 38. Rc2 Bb4 39. Rc1 Rdd7 40. Nd4
Re4 41. Ne6 Rd6 42. Rg1 Rdxe6 43. dxe6 Bd6 44. Rd1 Rxf4+ 45. Ke2 Bc5 46. Rd5
Rxf2+ 47. Ke1 Bb6 48. Re5 Ke7 49. Rb5 Bd4 50. Rb7+ 1-0

[Event "Edmonton int."]
[Site "Edmonton CAN"]
[Date "2018.06.21"]
[Round "4"]
[White "Sambuev, Bator"]
[Black "Mikhalevski, Victor"]
[Result "1/2-1/2"]
[WhiteElo "2524"]
[BlackElo "2581"]
[PlyCount "66"]
[EventDate "2018.06.19"]
[EventType "tourn"]
[EventRounds "9"]
[EventCountry "CAN"]

1. Nf3 c5 2. c4 Nc6 3. Nc3 g6 4. e3 Nf6 5. d4 cxd4 6. exd4 d5 7. Be2 Bg7 8. O-O
O-O 9. Re1 b6 10. b3 Bb7 11. Ba3 Re8 12. Rc1 e6 13. c5 bxc5 14. Bxc5 Ne4 15.
Na4 Rc8 16. b4 e5 17. dxe5 Nxe5 18. Bb5 Nxf3+ 19. Qxf3 Re5 20. Qd3 d4 21. f3
Ng5 22. Rxe5 Bxe5 23. Re1 Qf6 24. Qe2 Bxh2+ 25. Kxh2 Qf4+ 26. Kg1 Nxf3+ 27.
gxf3 Qg3+ 28. Kf1 Bxf3 29. Qe8+ Rxe8 30. Rxe8+ Kg7 31. Bf8+ Kf6 32. Be7+ Kg7
33. Bf8+ Kf6 1/2-1/2

[Event "Edmonton int."]
[Site "Edmonton CAN"]
[Date "2018.06.21"]
[Round "5"]
[White "Findlay, Ian"]
[Black "Sambuev, Bator"]
[Result "0-1"]
[WhiteElo "2224"]
[BlackElo "2524"]
[PlyCount "100"]
[EventDate "2018.06.19"]
[EventType "tourn"]
[EventRounds "9"]
[EventCountry "CAN"]

1. e4 g6 2. d4 Bg7 3. Nc3 d6 4. Nf3 a6 5. a4 e6 6. Be3 Ne7 7. Qd2 h6 8. Be2 Nd7
9. O-O b6 10. d5 e5 11. Ne1 f5 12. f4 Nf6 13. fxe5 dxe5 14. d6 cxd6 15. Rd1 d5
16. Nxd5 Nexd5 17. exd5 f4 18. Bf2 Qd6 19. Nd3 Ne4 20. Qb4 Qxb4 21. Nxb4 Nxf2
22. Rxf2 O-O 23. d6 Bd7 24. Bf3 Rad8 25. Nc6 Bxc6 26. Bxc6 Rf6 27. Rfd2 Bf8 28.
Be4 Rdxd6 29. Rxd6 Bxd6 30. Kf2 g5 31. h3 Kf8 32. Kf3 h5 33. c3 a5 34. Rd5 Ke7
35. b4 Rf8 36. bxa5 bxa5 37. Rxa5 Rc8 38. Bd3 Rxc3 39. Ke4 Ke6 40. Rb5 g4 41.
hxg4 hxg4 42. a5 Ra3 43. Bc4+ Kd7 44. a6 Kc6 45. Kf5 Ra4 46. a7 Rxa7 47. Kxg4
Rg7+ 48. Kf3 Rg3+ 49. Kf2 Bc5+ 50. Kf1 Rc3 0-1

[Event "Edmonton int."]
[Site "Edmonton CAN"]
[Date "2018.06.21"]
[Round "5"]
[White "Haessel, Dale"]
[Black "Sevillano, Enrico"]
[Result "0-1"]
[WhiteElo "2173"]
[BlackElo "2461"]
[PlyCount "26"]
[EventDate "2018.06.19"]
[EventType "tourn"]
[EventRounds "9"]
[EventCountry "CAN"]

1. d4 d5 2. c4 e6 3. Nc3 c6 4. e4 dxe4 5. Nxe4 Bb4+ 6. Nc3 Nf6 7. Nf3 c5 8. Qb3
Nc6 9. dxc5 Ne4 10. Bd2 Nxd2 11. Nxd2 O-O 12. Nde4 Qd4 13. Be2 Qxe4 0-1

[Event "Edmonton int."]
[Site "Edmonton CAN"]
[Date "2018.06.21"]
[Round "5"]
[White "Kleinman, Michael"]
[Black "Rozman, Levy"]
[Result "0-1"]
[WhiteElo "2394"]
[BlackElo "2400"]
[PlyCount "106"]
[EventDate "2018.06.19"]
[EventType "tourn"]
[EventRounds "9"]
[EventCountry "CAN"]

1. e4 c6 2. d4 d5 3. exd5 cxd5 4. Bd3 Nc6 5. c3 Qc7 6. Ne2 Bg4 7. f3 Bd7 8. O-O
Nf6 9. Re1 e5 10. dxe5 Nxe5 11. Nd4 O-O-O 12. Bf5 Bd6 13. Nd2 Bxf5 14. Nxf5 Nd3
15. Nxd6+ Rxd6 16. Re3 Qb6 17. Nb3 Nxb2 18. Qd4 Nc4 19. Re7 Rd7 20. Rxd7 Nxd7
21. Bf4 Re8 22. Kf1 Qxd4 23. cxd4 Nf8 24. g4 Ne6 25. Bg3 Ng5 26. f4 Ne4 27. Re1
Kd7 28. Kg2 b6 29. f5 Rc8 30. Bf4 a5 31. Re2 g5 32. fxg6 fxg6 33. h4 Na3 34.
Na1 a4 35. Rb2 b5 36. Bh6 Rc3 37. Kf1 Rf3+ 38. Kg1 Rg3+ 39. Rg2 Rd3 40. Bf8
Rd1+ 41. Kh2 Nd6 42. Nc2 Nxc2 43. Rxc2 Rxd4 44. Rc5 Rd2+ 45. Kh3 Rf2 46. Bxd6
Kxd6 47. Rxb5 Rxa2 48. Kg3 a3 49. Kf4 h6 50. Rb6+ Kc5 51. Rxg6 Ra1 52. Rxh6
Rf1+ 53. Ke5 a2 0-1

[Event "Edmonton int."]
[Site "Edmonton CAN"]
[Date "2018.06.21"]
[Round "5"]
[White "Mikhalevski, Victor"]
[Black "Ouellet, Maili-Jade"]
[Result "1-0"]
[WhiteElo "2581"]
[BlackElo "2249"]
[PlyCount "63"]
[EventDate "2018.06.19"]
[EventType "tourn"]
[EventRounds "9"]
[EventCountry "CAN"]

1. d4 d5 2. Bf4 Nf6 3. e3 c5 4. c3 Nc6 5. Nf3 e6 6. Nbd2 Bd6 7. Bg3 O-O 8. Bb5
cxd4 9. exd4 a6 10. Bd3 Qc7 11. Qe2 Rb8 12. Bxd6 Qxd6 13. Ne5 b5 14. a3 Bb7 15.
f4 Na5 16. O-O Nc4 17. Nb3 Rfe8 18. Nc5 Qc7 19. a4 Bc8 20. axb5 axb5 21. Ra2
Nd6 22. Rfa1 b4 23. Ra7 Qb6 24. cxb4 Nfe4 25. R1a4 f6 26. Bxe4 dxe4 27. Nc4
Nxc4 28. Qxc4 Qc6 29. Qc3 Rd8 30. Re7 Ra8 31. Qg3 g6 32. Qh4 1-0

[Event "Edmonton int."]
[Site "Edmonton CAN"]
[Date "2018.06.22"]
[Round "6"]
[White "Arruebarrena, Rafael"]
[Black "Haessel, Dale"]
[Result "1-0"]
[WhiteElo "2267"]
[BlackElo "2173"]
[PlyCount "95"]
[EventDate "2018.06.19"]
[EventType "tourn"]
[EventRounds "9"]
[EventCountry "CAN"]

1. e4 e5 2. Nf3 Nc6 3. Bb5 Nf6 4. O-O Nxe4 5. Re1 Nd6 6. Nxe5 Be7 7. Bf1 Nxe5
8. Rxe5 O-O 9. d4 Ne8 10. Nc3 Bf6 11. Re1 d5 12. Bf4 Bf5 13. Ne2 Nd6 14. Ng3
Bg6 15. c3 c6 16. Qb3 Qd7 17. Re3 Ne4 18. Nxe4 Bxe4 19. Rae1 b5 20. f3 Bf5 21.
a4 a6 22. Qb4 Rfe8 23. Rxe8+ Rxe8 24. Rxe8+ Qxe8 25. axb5 axb5 26. Qd6 Qd7 27.
Qb8+ Qd8 28. Qxd8+ Bxd8 29. Bd6 f6 30. g4 Bd7 31. Bd3 g6 32. Kf2 f5 33. Kg3 Kf7
34. h4 h5 35. gxh5 gxh5 36. Bf4 Kg6 37. Bg5 Bxg5 38. hxg5 Kxg5 39. f4+ Kh6 40.
Kh4 Be6 41. Be2 Bf7 42. Bd1 Be8 43. Bc2 Kg6 44. Bd3 Kf6 45. Be2 Bf7 46. Bxh5
Bg6 47. b4 Kg7 48. Kg5 1-0

[Event "Edmonton int."]
[Site "Edmonton CAN"]
[Date "2018.06.22"]
[Round "6"]
[White "Mikhalevski, Victor"]
[Black "Findlay, Ian"]
[Result "1-0"]
[WhiteElo "2581"]
[BlackElo "2224"]
[PlyCount "42"]
[EventDate "2018.06.19"]
[EventType "tourn"]
[EventRounds "9"]
[EventCountry "CAN"]

1. d4 Nf6 2. Bg5 Ne4 3. Bf4 d5 4. f3 Nd6 5. Nc3 c6 6. e4 Be6 7. Qd2 Nd7 8.
O-O-O Qa5 9. Kb1 dxe4 10. Bxd6 exd6 11. fxe4 O-O-O 12. Nf3 Be7 13. Nd5 Qxd2 14.
Nxe7+ Kc7 15. Rxd2 g6 16. Ng5 Nf8 17. d5 h6 18. Nxe6+ fxe6 19. dxe6 Re8 20.
Nd5+ cxd5 21. exd5 Nd7 1-0

[Event "Edmonton int."]
[Site "Edmonton CAN"]
[Date "2018.06.23"]
[Round "6"]
[White "Ouellet, Maili-Jade"]
[Black "Rozman, Levy"]
[Result "0-1"]
[WhiteElo "2249"]
[BlackElo "2400"]
[PlyCount "84"]
[EventDate "2018.06.19"]
[EventType "tourn"]
[EventRounds "9"]
[EventCountry "CAN"]

1. d4 Nf6 2. c4 e6 3. Nc3 Bb4 4. e3 c5 5. Bd3 Nc6 6. Nge2 d5 7. cxd5 Qxd5 8.
O-O Qd8 9. a3 Bxc3 10. bxc3 O-O 11. a4 b6 12. Ba3 Qc7 13. Ng3 Rd8 14. Qe2 Na5
15. Rac1 Bb7 16. f3 c4 17. Bc2 Nd5 18. e4 Nf4 19. Qe3 Ba6 20. Rfd1 Nd3 21. Rb1
f6 22. Ne2 Rac8 23. Bb4 Nc6 24. Bxd3 Nxb4 25. cxb4 cxd3 26. Nf4 Bc4 27. Nxd3
Qd7 28. Nb2 Qe7 29. Nd3 Qd7 30. Nb2 Qe7 31. Rdc1 Ba2 32. Ra1 Qxb4 33. Rxc8 Rxc8
34. Rxa2 Rc3 35. Qd2 Qb3 36. Kf1 Rc2 37. Qd1 Qc3 38. Qe1 Qxd4 39. Qg3 e5 40.
Qe1 h5 41. Qg3 Qd2 42. Ra1 h4 0-1

[Event "Edmonton int."]
[Site "Edmonton CAN"]
[Date "2018.06.22"]
[Round "6"]
[White "Sevillano, Enrico"]
[Black "Kleinman, Michael"]
[Result "0-1"]
[WhiteElo "2461"]
[BlackElo "2394"]
[PlyCount "184"]
[EventDate "2018.06.19"]
[EventType "tourn"]
[EventRounds "9"]
[EventCountry "CAN"]

1. e4 c6 2. c4 d5 3. exd5 cxd5 4. cxd5 Nf6 5. Nc3 Nxd5 6. Nf3 Nc6 7. Bc4 e6 8.
O-O Be7 9. d4 O-O 10. Ne4 b6 11. a3 Bb7 12. b4 Rc8 13. Bd3 a5 14. b5 Nb8 15.
Re1 Nd7 16. Qd2 Rc7 17. Bb2 N7f6 18. Ne5 Nxe4 19. Bxe4 g6 20. g3 Qe8 21. Qd3 f6
22. Nc6 Bxc6 23. bxc6 Rxc6 24. Re2 Qf7 25. Rae1 Bd8 26. Qb5 Rd6 27. Bg2 f5 28.
Qb3 Bf6 29. Rxe6 Nc7 30. R6e3 Qxb3 31. Rxb3 Rfd8 32. Rc1 Ne6 33. d5 Nc5 34.
Bxf6 Nxb3 35. Bxd8 Nxc1 36. Bc7 Rd7 37. Bxb6 Nb3 38. Bf1 Nd2 39. Bxa5 Nxf1 40.
Kxf1 Rxd5 41. Be1 Re5 42. h4 Kf7 43. a4 f4 44. gxf4 Re4 45. Bd2 Rxa4 46. Kg2 h5
47. Kg3 Ke6 48. Be3 Kf5 49. f3 Rc4 50. Bd2 Rd4 51. Be3 Ra4 52. Bd2 Ke6 53. Bc3
Kd5 54. Bf6 Rc4 55. Bd8 Rc8 56. Be7 Rc7 57. Bg5 Rf7 58. Kf2 Kd4 59. Ke2 Kc3 60.
Ke3 Rf8 61. Ke2 Re8+ 62. Kf2 Kd4 63. Bh6 Kd3 64. Bg5 Rf8 65. Bh6 Rf5 66. Bg5
Ra5 67. Bh6 Rc5 68. Bg5 Rd5 69. Bh6 Rd4 70. Bg5 Rb4 71. Bh6 Rb3 72. Bg5 Rb1 73.
Bh6 Ra1 74. Bg5 Rb1 75. Bh6 Ra1 76. Bg5 Ra2+ 77. Kg3 Ke2 78. f5 gxf5 79. Kf4
Ra5 80. Bf6 Kf2 81. Bd8 Ra4+ 82. Kxf5 Kxf3 83. Ke5 Re4+ 84. Kf5 Rd4 85. Be7
Rd5+ 86. Ke6 Rb5 87. Kf6 Ra5 88. Kg6 Kg4 89. Bg5 Ra6+ 90. Kh7 Kg3 91. Bd8 Ra4
92. Kg6 Rxh4 0-1

[Event "Edmonton int."]
[Site "Edmonton CAN"]
[Date "2018.06.23"]
[Round "7"]
[White "Findlay, Ian"]
[Black "Ouellet, Maili-Jade"]
[Result "1-0"]
[WhiteElo "2224"]
[BlackElo "2249"]
[PlyCount "129"]
[EventDate "2018.06.19"]
[EventType "tourn"]
[EventRounds "9"]
[EventCountry "CAN"]

1. e4 c5 2. Nf3 e6 3. d4 cxd4 4. Nxd4 a6 5. Nc3 Qc7 6. Be2 Nf6 7. O-O b5 8. Bf3
Bb7 9. e5 b4 10. Ncb5 axb5 11. exf6 gxf6 12. Bf4 Qb6 13. Be3 Bc5 14. Nf5 Bxf3
15. Qxf3 d5 16. Ng7+ Ke7 17. Rfe1 Nd7 18. Qxd5 Bxe3 19. Rxe3 Ne5 20. Qe4 h5 21.
Nxh5 Nc6 22. Nf4 Qc5 23. Nd5+ Kf8 24. Nxf6 Rd8 25. Rae1 Nd4 26. c3 bxc3 27.
Rxc3 Qd6 28. h3 Ke7 29. Ng4 b4 30. Rc4 Rhg8 31. Qe5 Qb6 32. Rd1 Nf3+ 33. gxf3
Rxd1+ 34. Kg2 Qd8 35. Rxb4 Rd5 36. Rb7+ Rd7 37. Qc5+ Ke8 38. Qc6 Ke7 39. Qc5+
Ke8 40. Qb5 Rg5 41. Qc6 Ke7 42. f4 Rg7 43. Qc5+ Ke8 44. Qb5 Ke7 45. Qb4+ Ke8
46. Rb8 f5 47. Rxd8+ Rxd8 48. Qb6 Rg6 49. Kf3 fxg4+ 50. hxg4 Rd3+ 51. Ke4 Rd7
52. g5 Ke7 53. Qb4+ Kf7 54. Qb5 Ke7 55. Qc5+ Ke8 56. a4 Rgg7 57. Qc8+ Ke7 58.
a5 Rd8 59. Qc5+ Ke8 60. a6 Rgd7 61. b4 Kf7 62. b5 Rd5 63. Qc3 Ke7 64. b6 Rb5
65. a7 1-0

[Event "Edmonton int."]
[Site "Edmonton CAN"]
[Date "2018.06.23"]
[Round "7"]
[White "Haessel, Dale"]
[Black "Sambuev, Bator"]
[Result "0-1"]
[WhiteElo "2173"]
[BlackElo "2524"]
[PlyCount "74"]
[EventDate "2018.06.19"]
[EventType "tourn"]
[EventRounds "9"]
[EventCountry "CAN"]

1. d4 d6 2. Nf3 g6 3. c4 Bg7 4. Nc3 Bg4 5. e3 Nc6 6. Be2 e5 7. Nxe5 Bxe2 8.
Nxc6 Qg5 9. Kxe2 bxc6 10. Qa4 Qxg2 11. Rg1 Qxg1 12. Qxc6+ Kd8 13. Qxa8+ Kd7 14.
Qxa7 Nf6 15. Qa4+ Ke7 16. Qc6 Rc8 17. h3 Qg5 18. Qf3 Kf8 19. b4 Nd7 20. Bd2 c5
21. Qb7 Rd8 22. Nb5 cxd4 23. exd4 Qf5 24. Qf3 Re8+ 25. Be3 Qc2+ 26. Ke1 Qxc4
27. Qb7 Bxd4 28. Qxd7 Bc3+ 29. Nxc3 Qxc3+ 30. Ke2 Qxa1 31. Qxd6+ Kg8 32. Qd5
Qb2+ 33. Qd2 Qe5 34. a4 Qh5+ 35. Ke1 Qxh3 36. b5 Qh4 37. a5 Qh1+ 0-1

[Event "Edmonton int."]
[Site "Edmonton CAN"]
[Date "2018.06.23"]
[Round "7"]
[White "Kleinman, Michael"]
[Black "Arruebarrena, Rafael"]
[Result "1-0"]
[WhiteElo "2394"]
[BlackElo "2267"]
[PlyCount "77"]
[EventDate "2018.06.19"]
[EventType "tourn"]
[EventRounds "9"]
[EventCountry "CAN"]

1. e4 c5 2. Nf3 e6 3. d4 cxd4 4. Nxd4 Nc6 5. Nc3 Qc7 6. Be2 a6 7. O-O Nf6 8.
Be3 Bb4 9. Na4 Be7 10. Nxc6 bxc6 11. Bb6 Qb8 12. Bd3 e5 13. Be3 d5 14. c4 dxe4
15. Be2 Qc7 16. Qc2 Bf5 17. Nb6 Rd8 18. Qa4 O-O 19. Qxa6 Bg4 20. c5 Bxe2 21.
Qxe2 Nd5 22. Qc4 Kh8 23. Rad1 Nxe3 24. fxe3 f5 25. b4 Bg5 26. Qb3 f4 27. Nc4
Rxd1 28. Qxd1 Rd8 29. Nd6 Qe7 30. Qb3 Rf8 31. Qc4 h6 32. a4 f3 33. Qxe4 fxg2
34. Rxf8+ Qxf8 35. Kxg2 Qg8 36. Qc4 Qa8 37. a5 Bf6 38. Qg4 Kh7 39. Qf5+ 1-0